| 000 | 00535nam a2200205Ia 4500 | ||
|---|---|---|---|
| 003 | OSt | ||
| 005 | 20230328101657.0 | ||
| 008 | 210423s2005 xx 000 0 und d | ||
| 020 | _a340882689 | ||
| 040 | _cAL | ||
| 041 | _aeng | ||
| 082 | _a820 MACI | ||
| 100 |
_aMACKEAN (Ian). _978658 |
||
| 245 | _aEssentials of literature: in english post-1914. | ||
| 260 |
_aNew Delhi _bHodder Arnold _c2005 |
||
| 300 |
_axiv,391 _bPB |
||
| 365 |
_b1349 _cINR |
||
| 906 | _aenglish ; Essentials ; literature ; post-1914. | ||
| 942 |
_2ddc _cBK |
||
| 999 |
_c156162 _d156162 |
||